00761cam a22002174a 4500020001800000040000800018082002600026100002100052245007400073260003700147300004000184500008300224650000900307650001600316650001200332700002100344700003700365710008400402710004000486710001700526 a9789715601375 cDLC a330 SEA 2006 A017 Or.1 aBalisacan, A. M.10aSecuring rice, reducing poverty :bchallenges and policy directions / a[Los Baños] :bSEARCA,cc2006. aviii, 352 p. :bill., map ;c26 cm. a"A collaborative project of SEAMEO SEARCA, PhilRice, DA-BAR"--P. [4] of cover. 0aRice 0aFood supply 0aPoverty1 aSebastian, L. S.1 aAlpuerto, Vida Lina Esperanza B.2 aSoutheast Asian Regional Centre for Graduate Study and Research in Agriculture.2 aPhilippine Rice Research Institute.1 aPhilippines.